000 00920nam a22002417a 4500
999 _c12162
_d12162
003 AR-CdUCM
008 190408b ||||| |||| 00| 0 spa d
040 _aMUNICIPALIDAD PROVINCIAL DEL CUSCO
_cBIBLIOTECA MUNICIPAL DEL CUSCO
082 _a781.985 /
_bF84 / 1973
100 _aFrisancho Pineda, Samuel
_917904
245 _aPuno, capital folklórica del Perú /
260 _aPuno :
_bLos Andes,
_c1973.
300 _a74 páginas ;
_bilustraciones,
_c21 cm.
505 _aContenido: Danzas folclóricas de varias provincias de Puno, como: Azángaro -- Carabaya -- Chucuito -- Huancane -- Lampa, Melgar -- Puno
650 _aDanzas folclóricas Puneñas
_929874
650 _aPerú
_935
650 _aTradiciones
_9229
650 _aDanzas
_914459
700 _aTicona Vargas, Diego (carátula)
_929875
700 _aFlores Ordoñes, José (colaborador)
_929876
942 _2ddc
_cLIBROS
945 _aachl
_d2019-04-08